| 000 | 01150 a2200217 4500 | ||
|---|---|---|---|
| 001 | 54740 | ||
| 005 | 20260407155822.0 | ||
| 008 | 260407a1982 arg spa d | ||
| 003 | AR-UNSa-BCEJYS | ||
| 040 |
_aAR-UNSa-BCEJYS _bspa _cAR-UNSa-BCEJYS |
||
| 080 |
_a304.4 _xAspectos generales de las políticas y prácticas sociales y culturales (política social) |
||
| 245 | 1 | 0 | _aPolítica social |
| 020 | _a950-008-023-0 | ||
| 264 | 1 |
_aBuenos Aires : _bAstrea _c1982 |
|
| 300 |
_a390 p. _c23 cm. |
||
| 505 | _a1. Las deficiencias sociales – 2. Noción, objeto, finalidad y principios básicos de la política social – 3. El desarrollo social – 4. Planificación y técnica de la política social – 5. Política laboral – 6. Política de seguridad social – 7. Política de salud – 8. Política de educación – 9. Política de vivienda – 10. Política de población y familia – 11. Política de participación en el desarrollo – 12. Política social de las diferencias agudas – 13. Política social internacional. | ||
| 041 | _aspa | ||
| 942 | _cBK | ||
| 590 | _aniveau_biblio:m niveau_hierar:0 | ||
| 100 | 1 | _aPodetti, Humbero A. | |
| 999 |
_c5762 _d5762 |
||